| 000 | 00612nas a2200217Ia 4500 | ||
|---|---|---|---|
| 001 | db10-26551 [d000003810] | ||
| 003 | IT-MiCISF | ||
| 005 | 20230302124114.0 | ||
| 008 | 161014c99999999xx |||||||||||| ||und|| | ||
| 040 |
_aIT-MiCISF _cIT-MiCISF |
||
| 041 | _aitaliano | ||
| 100 |
_aDavanzo Guido _959502 |
||
| 245 | 0 | _aDiritto al figlio o diritto del figlio? | |
| 250 | _a"Settimana", n. 11, 22 marzo | ||
| 260 | _c1998 | ||
| 300 | _ap. 3 | ||
| 500 | _a bioetica, legislazione, procreazione-artificiale, embrione, convivenza | ||
| 650 |
_aBioetica _varticolo _959416 |
||
| 942 |
_cCR _2ddc |
||
| 999 |
_c218826 _d218826 |
||
| 999 | _bSi | ||